|
|
|
|
| LEADER |
00000nam2a2200000 4500 |
| 001 |
286081 |
| 005 |
20231101235846.0 |
| 035 |
|
|
|a (RuTPU)RU\TPU\book\310370
|
| 090 |
|
|
|a 286081
|
| 100 |
|
|
|a 20150303d1975 m y0rusy50 ca
|
| 101 |
0 |
|
|a rus
|
| 102 |
|
|
|a RU
|
| 105 |
|
|
|a c z 000zd
|
| 200 |
0 |
|
|a Кн. 1
|
| 210 |
|
|
|d 1975
|
| 215 |
|
|
|a 671 с.
|c портр.
|
| 461 |
|
1 |
|0 (RuTPU)RU\TPU\book\269527
|t Люди бессмертного подвига: очерки о дважды, трижды и четырежды Героях Советского Союза
|f под ред. Л. Г. Беляевой
|v Кн. 1
|e 4-е изд., испр. и доп.
|d 1975
|
| 606 |
1 |
|
|a Герои Великой Отечественной войны 1941-1945
|2 stltpush
|3 (RuTPU)RU\TPU\subj\66794
|9 82828
|
| 610 |
1 |
|
|a подвиги
|
| 610 |
1 |
|
|a биографии
|
| 610 |
1 |
|
|a персоналии
|
| 610 |
1 |
|
|a войны
|
| 610 |
1 |
|
|a 20 век
|
| 610 |
1 |
|
|a фашизм
|
| 610 |
1 |
|
|a Победа
|
| 686 |
|
|
|a Т3(2)622.88
|v LBC/SL-A
|2 rubbk
|
| 801 |
|
1 |
|a RU
|b 63413507
|c 20150303
|
| 801 |
|
2 |
|a RU
|b 63413507
|c 20180717
|g RCR
|
| 942 |
|
|
|c BK
|